000 01601cam a2200217 4500
001 ##L134440
008 060807n2006 000 0 eng u
035 _a(Sirsi) u134440
041 0 _aeng
050 0 4 _a690.241 $2 18
110 1 _aUnited Kingdom
_bParliament
_bHouse of Commons
_bSelect Committee on Culture, Media and Sport
_95000
245 0 0 _aProtecting and preserving our heritage
_bvolume one
_breport, together with formal minutes
260 _aLondon
_bTSO
_c2006
490 0 _aHouse of Commons Paper
_vHC 912-1 2005-2006
520 _aPresents the first inquiry by a parliamentary select committee to take a broad-based look at the nation's built heritage since 1994. Covers the priorities to be identified by DCMS in the forthcoming Heritage White Paper and the remit and effectiveness of the key heritage organisations such as DCMS and English Heritage. Assesses the balance between heritage and development needs in planning policy as well as access to heritage and the position of heritage as a cultural asset in the community. Examines heritage funding issues, the roles and responsibilities of English Heritage, the Heritage Lottery Fund and heritage bodies at all levels, and the supply of conservation professionals. Two volumes of written evidence accompany the report.
590 _aIKA010806 NTK
651 4 _aEngland
_y886-
690 _aBUILT ENVIRONMENT-BUILDING MAINTENANCE AND REFURBISHMENT-BUILDING CONSERVATION
856 4 0 _uhttps://www.publications.parliament.uk/pa/cm/cmcumeds.htm
_zView the report free of charge at www.publications.parliament.uk...
942 _n0
999 _c105674
_d105674